000 01670nas a2200277Ia 4500
001 R050-R9946
003 IT-CnALBA
008 170116c99999999xx |||||||||||| ||und||
040 _aIT-CnALBA
_cIT-CnALBA
041 _aPOLIGLOTTA
100 _aMIDALI MARIO, SDB.
210 _aSALESIANUM
222 _aSALESIANUM
245 0 _aSALESIANUM. OTTOBRE DICEMBRE 1953. ATENEO SALESIANO ROMA. RECENSIONI.
250 _a1a ed.
260 _a TO BO CT PA
_bSOCIETÀ ED. INTER.
_c1953 [1° Ed.:1953 - Ed.Ling.Originale: 1953]
300 _a38 p.
310 _aTRIMESTRALE
362 _aFascicolo: 4 / Anno: 25 (1953)
500 _aBOSIA G. GAMBA G. G. VALENTINI E. NEGRI G. QUARELLO L. SCHALLER J. P. GUIDA ALLE ANIME E MEDICINA MODERNA. MORALE E AFFETTIVITA'. TRIMELONI L. COMPENDIO DI LITURGIA PRATICA, CUVA A. SENTESI DELLE INNOVAZIONI NELLA MESSA E NEL MESSALE. PEREGO ANGELO, DOTTRINA A PRASSI DEL PARTITA COMUNISTA ITALIANO (COMPOSTA DARIO). ALBERTO M. GHISALBERTI, ROMA DA MAZZINI A PIO IX. RICERCHE SULLA RESTAURAZIONE PAPALE DEL 1849 1850.
501 _aSocietà San Paolo EM - Piazza San Paolo, 14 - 12051 ALBA (CN) (non commercial uses only) ® Copyright 2017
520 _aBOSIA G. GAMBA G. G. VALENTINI E. NEGRI G. QUARELLO L. SCHALLER J. P. GUIDA ALLE ANIME E MEDICINA MODERNA. MORALE E AFFETTIVITA'. TRIMELONI L. COMPENDIO DI LITURGIA PRATICA, CUVA A. SENTESI DELLE INNOVAZIONI NELLA MESSA E NEL MESSALE. PEREGO ANGELO, DOTTRINA A PRASSI DEL PARTITA COMUNISTA ITALIANO (COMPOSTA DARIO). ALBERTO M. GHISALBERTI, ROMA DA MAZZINI A PIO IX. RICERCHE SULLA RESTAURAZIONE PAPALE DEL 1849 1850.
650 _aTEOLOGIA
942 _cCR
957 _71
999 _a61513
_bNO
_g1
_c328539
_d328539